[Event "ESP-ch 83rd"]
[Site "Linares"]
[Date "2018.08.25"]
[Round "6"]
[White "Calzetta Ruiz, Monica"]
[Black "Ortin Blanco, Ainhoa"]
[Result "1-0"]
[WhiteElo "2302"]
[BlackElo "1951"]
[PlyCount "105"]
[EventDate "2018.08.20"]
[EventType "swiss"]
[EventRounds "9"]
[EventCountry "ESP"]
[SourceTitle "CBM 186 Extra"]
[Source "ChessBase"]
[SourceDate "2018.08.24"]
[SourceVersion "1"]
[SourceVersionDate "2018.08.24"]
[SourceQuality "1"]

1. e4 c5 2. Nf3 Nc6 3. Bb5 g6 4. Bxc6 bxc6 5. 0-0 Bg7 6. c4 d6 7. h3 e5 8. d3 Ne7 9. Bd2 a5 10. Qa4 Bd7 11. Bc3 0-0 12. Nfd2 Nc8 13. f4 exf4 14. Bxg7 Kxg7 15. Rxf4 Qg5 16. Rf3 Ne7 17. Qc2 f5 18. Nc3 Qf6 19. Raf1 Rab8 20. b3 Qe5 21. Ne2 a4 22. Qc3 Qxc3 23. Nxc3 axb3 24. Nxb3 Be6 25. e5 d5 26. Nxc5 Kf7 27. cxd5 Nxd5 28. N3e4 Ke7 29. Nxe6 Kxe6 30. Nc5+ Ke7 31. d4 Rb4 32. Ra3 Rc8 33. Ra7+ Rc7 34. Ra8 Rxd4 35. Rh8 Rh4 36. Rb1 Kf7 37. Rbb8 Re7 38. e6+ Kf6 39. Rbc8 Rd4 40. Rxc6 Rd1+ 41. Kh2 Nb4 42. Rcc8 Nxa2 43. Rcf8+ Ke5 44. Rf7 Rxe6 45. Nxe6 Kxe6 46. Rfxh7 f4 47. Rg8 Kf5 48. Rf7+ Kg5 49. h4+ Kg4 50. Rxg6+ Kh5 51. Rg8 Kh6 52. Rxf4 Kh7 53. Rg3 1-0

[Event "ESP-chT CECLUB Div2"]
[Site "Linares"]
[Date "2018.08.18"]
[Round "7.1"]
[White "Garcia Martin, Marta"]
[Black "Ortin Blanco, Ainhoa"]
[Result "1-0"]
[WhiteElo "2361"]
[BlackElo "1951"]
[PlyCount "125"]
[EventDate "2018.08.14"]
[EventType "team-swiss"]
[EventRounds "7"]
[EventCountry "ESP"]
[SourceTitle "CBM 186 Extra"]
[Source "ChessBase"]
[SourceDate "2018.08.24"]
[SourceVersion "1"]
[SourceVersionDate "2018.08.24"]
[SourceQuality "1"]
[WhiteTeam "Paterna Laboratorio SyS"]
[BlackTeam "Casablanca Stadium"]
[WhiteTeamCountry "ESP"]
[BlackTeamCountry "ESP"]

1. e4 c5 2. Nf3 Nc6 3. Bb5 e6 4. Bxc6 bxc6 5. d3 Ne7 6. Qe2 Ng6 7. h4 h5 8. e5 d6 9. exd6 Bxd6 10. Na3 Qc7 11. Nc4 Bf4 12. 0-0 0-0 13. Bxf4 Qxf4 14. g3 Qg4 15. Ne3 Qb4 16. Ng5 f6 17. Ne4 Bd7 18. a3 Qxb2 19. Nxc5 Qd4 20. Nxd7 Qxd7 21. Qxh5 Ne7 22. Qg4 Kf7 23. Rfe1 Rh8 24. Rab1 Rab8 25. Nc4 Qd5 26. Qf4 Rxb1 27. Rxb1 e5 28. Qe3 c5 29. Rb5 Rc8 30. a4 Ke6 31. Qe2 Nf5 32. f4 Qd4+ 33. Kg2 Qd5+ 34. Qe4 Rc7 35. Rb8 Qxe4+ 36. dxe4 Nd4 37. f5+ Ke7 38. Ne3 Kd6 39. Nd5 Rf7 40. Ne3 Nc6 41. Rb1 Nb4 42. g4 Rd7 43. Rd1+ Ke7 44. Nd5+ Kf7 45. c3 Nc6 46. g5 Rb7 47. g6+ Ke8 48. h5 Kf8 49. Rh1 Ne7 50. h6 gxh6 51. Nxf6 Kg7 52. Ng4 Ng8 53. Rd1 h5 54. Nxe5 Nf6 55. Kf3 Rb3 56. Rd3 Rb1 57. Nd7 Ng4 58. Kf4 Rf1+ 59. Rf3 Rd1 60. Nxc5 Nf6 61. e5 Nd5+ 62. Ke4 Nb6 63. f6+ 1-0

[Event "ESP-chT CECLUB Div2"]
[Site "Linares"]
[Date "2018.08.17"]
[Round "5.3"]
[White "Jimenez Fernandez, Rebeca"]
[Black "Ortin Blanco, Ainhoa"]
[Result "0-1"]
[WhiteElo "1915"]
[BlackElo "1951"]
[PlyCount "66"]
[EventDate "2018.08.14"]
[EventType "team-swiss"]
[EventRounds "7"]
[EventCountry "ESP"]
[SourceTitle "CBM 186 Extra"]
[Source "ChessBase"]
[SourceDate "2018.08.24"]
[SourceVersion "1"]
[SourceVersionDate "2018.08.24"]
[SourceQuality "1"]
[WhiteTeam "Albacete Excalibur"]
[BlackTeam "Casablanca Stadium"]
[WhiteTeamCountry "ESP"]
[BlackTeamCountry "ESP"]

1. e4 c5 2. Nc3 Nc6 3. g3 g6 4. Bg2 Bg7 5. d3 d6 6. Be3 Rb8 7. Qd2 b5 8. Nge2 Nd4 9. Nc1 Nf6 10. h3 0-0 11. Nd1 b4 12. c3 bxc3 13. bxc3 Nc6 14. Bh6 e5 15. Bxg7 Kxg7 16. Ne2 Qb6 17. f4 Ng8 18. h4 Bg4 19. f5 h6 20. Bh3 Bxh3 21. Rxh3 d5 22. exd5 Nce7 23. c4 Nxf5 24. g4 Nd4 25. Nec3 f5 26. g5 h5 27. Rb1 Qd6 28. Ne3 Rxb1+ 29. Nxb1 e4 30. dxe4 fxe4 31. Qc3 Qf4 32. Rh1 Qf2+ 33. Kd1 Qf3+ 0-1

[Event "ESP-chT CECLUB Div2"]
[Site "Linares"]
[Date "2018.08.17"]
[Round "6.2"]
[White "Ortin Blanco, Ainhoa"]
[Black "Jarque Megias, Juan Jose"]
[Result "0-1"]
[WhiteElo "1951"]
[BlackElo "2020"]
[PlyCount "74"]
[EventDate "2018.08.14"]
[EventType "team-swiss"]
[EventRounds "7"]
[EventCountry "ESP"]
[SourceTitle "CBM 186 Extra"]
[Source "ChessBase"]
[SourceDate "2018.08.24"]
[SourceVersion "1"]
[SourceVersionDate "2018.08.24"]
[SourceQuality "1"]
[WhiteTeam "Casablanca Stadium"]
[BlackTeam "CajaGranada"]
[WhiteTeamCountry "ESP"]
[BlackTeamCountry "ESP"]

1. d4 Nf6 2. c4 g6 3. Nc3 Bg7 4. e4 d6 5. Be2 0-0 6. Nf3 e5 7. 0-0 Nc6 8. d5 Ne7 9. b4 Ne8 10. c5 h6 11. Nd2 f5 12. Rb1 g5 13. exf5 Bxf5 14. Rb3 Ng6 15. Nde4 Nf4 16. Ng3 Bg6 17. Bg4 Kh8 18. Be3 b6 19. a4 Nf6 20. Bf3 Qe7 21. cxd6 cxd6 22. Bxf4 gxf4 23. Nge4 Rac8 24. Nxf6 Bxf6 25. Ne4 Rc4 26. Qe2 Rfc8 27. Re1 Bg7 28. Qa2 Bxe4 29. Bxe4 Rxe4 30. Rbb1 Rxe1+ 31. Rxe1 Qc7 32. Qe2 Qc3 33. Rd1 Qxb4 34. Qg4 Qc5 35. h4 Rf8 36. Qe6 f3 37. g3 Qc2 0-1

[Event "ESP-ch (Women)"]
[Site "Linares"]
[Date "2017.08.22"]
[Round "2"]
[White "Prado Acebo, Ines"]
[Black "Ortin Blanco, Ainhoa"]
[Result "0-1"]
[WhiteElo "2107"]
[BlackElo "1961"]
[PlyCount "82"]
[EventDate "2017.08.21"]
[EventType "swiss"]
[EventRounds "9"]
[EventCountry "ESP"]
[SourceTitle "CBM 180 Extra"]
[Source "ChessBase"]
[SourceDate "2017.10.06"]
[SourceVersion "1"]
[SourceVersionDate "2017.10.06"]
[SourceQuality "1"]

1. d4 Nf6 2. c4 g6 3. Nc3 Bg7 4. e4 d6 5. Nge2 Nbd7 6. f3 e5 7. Bg5 a5 8. Qd2 h6 9. Be3 c6 10. Rd1 Nh7 11. dxe5 dxe5 12. Na4 Qe7 13. Nc5 Nb8 14. Nc3 0-0 15. N3a4 Qc7 16. Bxh6 b6 17. Nb3 Na6 18. Be3 Rb8 19. Qf2 c5 20. Nc3 Nb4 21. h4 f5 22. a3 Nc6 23. exf5 Bxf5 24. Bd3 Nd4 25. Nd5 Qd7 26. Bxf5 gxf5 27. Nxd4 cxd4 28. Bg5 Rf7 29. Qd2 b5 30. Qxa5 bxc4 31. Qc5 Nxg5 32. hxg5 Rb5 33. Qxc4 Qxd5 34. Qc8+ Rf8 35. Qa6 Rxb2 36. Qg6 Qa5+ 37. Kf1 Qb5+ 38. Kg1 Qe2 39. Qh7+ Kf7 40. Qh3 Qxd1+ 41. Kh2 Qd2 0-1

[Event "Navarra-chT"]
[Site "Navarra"]
[Date "2016.11.12"]
[Round "6.5"]
[White "Ortin Blanco, Ainhoa"]
[Black "Larrea Reta, Javier"]
[Result "0-1"]
[WhiteElo "1934"]
[BlackElo "1861"]
[PlyCount "162"]
[EventDate "2016.10.08"]
[EventType "team-tourn"]
[EventRounds "7"]
[EventCountry "ESP"]
[SourceTitle "CBM 175 Extra"]
[Source "ChessBase"]
[SourceDate "2016.12.12"]
[SourceVersion "1"]
[SourceVersionDate "2016.12.12"]
[SourceQuality "1"]
[WhiteTeam "Santa Ana Siglo 21"]
[BlackTeam "Paz de Ziganda"]
[WhiteTeamCountry "ESP"]
[BlackTeamCountry "ESP"]

1. d4 Nf6 2. c4 e6 3. Nc3 Bb4 4. e3 b6 5. Nge2 Bb7 6. a3 Be7 7. Nf4 0-0 8. d5 exd5 9. cxd5 d6 10. Bd3 Nbd7 11. 0-0 Ne5 12. Bc2 a6 13. Nfe2 Qd7 14. f4 Ng6 15. e4 c6 16. Be3 b5 17. dxc6 Qxc6 18. Nd4 Qc7 19. Rc1 Qd8 20. Nf3 Rc8 21. Nd5 Nxd5 22. exd5 Bf6 23. Bf5 Rxc1 24. Bxc1 Qb6+ 25. Kh1 Qc5 26. Be4 Re8 27. Qd3 Rc8 28. Be3 Qc4 29. Qxc4 Rxc4 30. Nd2 Rc8 31. Rb1 Re8 32. g3 Ne7 33. Kg1 Nxd5 34. Bxd5 Bxd5 35. Kf2 Rc8 36. g4 Ba2 37. Ra1 Bd5 38. Rb1 h6 39. b4 Rc3 40. Nf3 Bxf3 41. Kxf3 Rxa3 42. Rd1 Be7 43. Ke4 Ra4 44. Rd4 Bf6 45. Rxd6 Rxb4+ 46. Kd5 a5 47. Ra6 a4 48. Ra8+ Kh7 49. Kc5 Rb3 50. Bg1 a3 51. Kd5 b4 52. Bc5 Bc3 53. Kc4 Rb2 54. Ra4 a2 55. h4 Rg2 56. Bxb4 a1Q 57. Rxa1 Bxa1 58. g5 hxg5 59. hxg5 Kg6 60. Kd5 Kf5 61. Bd6 Rd2+ 62. Kc6 Rc2+ 63. Kb5 Bb2 64. Ka4 Bc1 65. Be5 Bxf4 66. Bxg7 Bxg5 67. Kb3 Rc8 68. Bd4 Ke4 69. Bf2 f5 70. Kb2 f4 71. Kb3 Kd3 72. Kb2 Ke2 73. Bd4 f3 74. Kb1 f2 75. Bxf2 Kxf2 76. Kb2 Rb8+ 77. Ka1 Be7 78. Ka2 Ke2 79. Ka1 Kd2 80. Ka2 Kc2 81. Ka1 Ra8# 0-1

[Event "Navarra-chT"]
[Site "Navarra"]
[Date "2016.10.22"]
[Round "3.7"]
[White "Ortin Blanco, Ainhoa"]
[Black "Aguinaga Ruiz, Jesus Luis"]
[Result "0-1"]
[WhiteElo "1934"]
[BlackElo "1937"]
[PlyCount "184"]
[EventDate "2016.10.08"]
[EventType "team-tourn"]
[EventRounds "7"]
[EventCountry "ESP"]
[SourceTitle "CBM 175 Extra"]
[Source "ChessBase"]
[SourceDate "2016.12.12"]
[SourceVersion "1"]
[SourceVersionDate "2016.12.12"]
[SourceQuality "1"]
[WhiteTeam "Santa Ana Siglo 21"]
[BlackTeam "Oberena"]
[WhiteTeamCountry "ESP"]
[BlackTeamCountry "ESP"]

1. d4 d6 2. c4 e5 3. Nf3 e4 4. Ng5 f5 5. Nc3 c6 6. Nh3 Nf6 7. e3 Be7 8. Be2 0-0 9. 0-0 Na6 10. a3 Nc7 11. b4 d5 12. c5 Bd7 13. Qb3 Ne6 14. a4 Qc7 15. b5 Ng4 16. Bxg4 fxg4 17. Nf4 Nxf4 18. exf4 Kh8 19. Be3 Bf5 20. a5 a6 21. bxc6 bxc6 22. Na4 Rab8 23. Nb6 Rf6 24. Rab1 Rbf8 25. Na4 Qxa5 26. Nb6 Bd8 27. Qc2 Bxb6 28. Rxb6 Bc8 29. g3 Qa3 30. Rd1 h5 31. Bd2 h4 32. Bc3 hxg3 33. hxg3 e3 34. Qd3 exf2+ 35. Kxf2 Bf5 36. Qd2 Rh6 37. Kg1 Be4 38. Ra1 Rh1+ 39. Kf2 Rxa1 40. Bxa1 Qxa1 41. Rxc6 Qa3 42. Qe2 Rb8 43. Rb6 Rxb6 44. cxb6 Qb4 45. Qxa6 Qxd4+ 46. Ke1 Qe3+ 47. Kd1 Bd3 48. Qa2 Qxb6 49. Qxd5 Qg6 50. Kd2 Be4 51. Qd8+ Kh7 52. Qh4+ Kg8 53. Ke3 Kf7 54. Qd8 Qe6 55. Qc7+ Kg6 56. Kf2 Bf3 57. Qc2+ Qe4 58. Qd2 Bh1 59. Kg1 Bf3 60. Kf2 Qb1 61. Qd6+ Kh7 62. Qd2 Qh1 63. Qa5 Qg2+ 64. Ke3 Qe2+ 65. Kd4 Qe4+ 66. Kc5 Qf5+ 67. Kb6 Qxa5+ 68. Kxa5 Kg6 69. Kb6 Kf5 70. Kc5 Ke4 71. Kd6 g6 72. Ke6 Ke3 73. Kf6 Be4 74. Kg5 Kf3 75. Kh4 Bf5 76. Kg5 Kxg3 77. Kf6 Kxf4 78. Kg7 g3 79. Kh6 g2 80. Kg7 g1Q 81. Kh6 g5 82. Kg7 Qd4+ 83. Kg8 g4 84. Kf7 g3 85. Kg8 g2 86. Kf8 g1R 87. Kf7 Qd7+ 88. Kf8 Qd6+ 89. Kf7 Be6+ 90. Kf6 Qe5+ 91. Ke7 Rg7+ 92. Kd8 Qb8# 0-1

[Event "Navarra-chT"]
[Site "Navarra"]
[Date "2016.10.15"]
[Round "2.5"]
[White "Otazu Ojer, Javier"]
[Black "Ortin Blanco, Ainhoa"]
[Result "0-1"]
[WhiteElo "1825"]
[BlackElo "1934"]
[PlyCount "48"]
[EventDate "2016.10.08"]
[EventType "team-tourn"]
[EventRounds "7"]
[EventCountry "ESP"]
[SourceTitle "CBM 175 Extra"]
[Source "ChessBase"]
[SourceDate "2016.12.12"]
[SourceVersion "1"]
[SourceVersionDate "2016.12.12"]
[SourceQuality "1"]
[WhiteTeam "Mikel Gurea"]
[BlackTeam "Santa Ana Siglo 21"]
[WhiteTeamCountry "ESP"]
[BlackTeamCountry "ESP"]

1. Nf3 Nf6 2. d4 g6 3. g3 Bg7 4. Bg2 0-0 5. c4 d6 6. 0-0 Nc6 7. Nc3 Bd7 8. e4 e5 9. h3 Qc8 10. dxe5 dxe5 11. Kh2 Be6 12. Qe2 Rd8 13. Nd5 Nd4 14. Ne7+ Kf8 15. Nxd4 Kxe7 16. Nxe6 Qxe6 17. f4 Rd4 18. fxe5 Nh5 19. Bg5+ Ke8 20. Bf6 Bxf6 21. exf6 Qe5 22. Qf2 Rad8 23. Bf3 Rd2 24. Be2 Nxg3 0-1

[Event "ESP-ch U16"]
[Site "Granada"]
[Date "2016.07.22"]
[Round "8"]
[White "Ortin Blanco, Inigo"]
[Black "Ortin Blanco, Ainhoa"]
[Result "1/2-1/2"]
[WhiteElo "2022"]
[BlackElo "1814"]
[PlyCount "68"]
[EventDate "2016.07.18"]
[EventType "swiss"]
[EventRounds "9"]
[EventCountry "ESP"]
[SourceTitle "EXT 2024"]
[Source "ChessBase"]
[SourceDate "2023.10.10"]
[SourceVersion "1"]
[SourceVersionDate "2023.10.10"]
[SourceQuality "1"]

1. d4 d5 2. c4 e6 3. Nf3 Nf6 4. g3 Be7 5. Bg2 0-0 6. 0-0 Nbd7 7. Qc2 c6 8. Rd1 Ne4 9. Ne5 f5 10. Nxd7 Bxd7 11. f3 Nf6 12. e4 fxe4 13. fxe4 Nxe4 14. Bxe4 dxe4 15. Qxe4 Bg5 16. Nc3 Qf6 17. Bxg5 Qxg5 18. Re1 Rf5 19. Qe3 Qg6 20. Rf1 Raf8 21. Ne4 e5 22. dxe5 Rxf1+ 23. Rxf1 Rxf1+ 24. Kxf1 Qf7+ 25. Kg1 Qxc4 26. Nc5 Bh3 27. Qb3 Qxb3 28. Nxb3 Kf7 29. Kf2 Be6 30. Na5 Bxa2 31. Nxb7 Ke6 32. Nd8+ Kd7 33. Nb7 Ke6 34. Nd8+ Kxe5 1/2-1/2

[Event "Pamplona Navarro-ch"]
[Site "Pamplona"]
[Date "2015.04.18"]
[Round "2"]
[White "Jimenez Almeida, Luis David"]
[Black "Ortin Blanco, Ainhoa"]
[Result "1-0"]
[WhiteElo "2225"]
[BlackElo "1788"]
[PlyCount "155"]
[EventDate "2015.04.11"]
[EventType "swiss"]
[EventRounds "8"]
[EventCountry "ESP"]
[SourceTitle "EXT 2016"]
[Source "ChessBase"]
[SourceDate "2015.10.08"]
[SourceVersion "1"]
[SourceVersionDate "2015.10.08"]
[SourceQuality "1"]

1. e4 c5 2. Nc3 Nc6 3. d3 d6 4. g3 g6 5. Be3 Bg7 6. Qd2 Nd4 7. Bg2 Rb8 8. a4 b6 9. h3 a6 10. Nge2 Bd7 11. f4 e6 12. 0-0 Ne7 13. g4 f5 14. Ng3 0-0 15. exf5 exf5 16. g5 Bc6 17. Bxc6 Ndxc6 18. Rae1 d5 19. Bf2 d4 20. Nb1 Qd6 21. Kh2 Nd5 22. Bg1 b5 23. axb5 axb5 24. Na3 Nd8 25. Rf3 Ne6 26. Ref1 Rfc8 27. h4 c4 28. Ne2 c3 29. Qc1 Ra8 30. Nxb5 Qb6 31. bxc3 Qxb5 32. c4 Qc6 33. cxd5 Qxd5 34. R1f2 Ra2 35. Ng3 Rcxc2 36. Rxc2 Rxc2+ 37. Qxc2 Qxf3 38. Qc8+ Nf8 39. Qc4+ Kh8 40. Bxd4 Bxd4 41. Qxd4+ Kg8 42. Qc4+ Kg7 43. Qc3+ Kg8 44. Qb3+ Kg7 45. Qb2+ Kg8 46. Qa2+ Kg7 47. h5 Qb7 48. h6+ Kh8 49. Qa1+ Kg8 50. Qa2+ Kh8 51. Qa1+ Kg8 52. Qe5 Qa7 53. d4 Qa2+ 54. Kh3 Ne6 55. d5 Qxd5 56. Qe3 Qd6 57. Ne2 Qd5 58. Kg3 Qd6 59. Ng1 Nc5 60. Qe8+ Qf8 61. Qe5 Ne4+ 62. Kh4 Kf7 63. Qd5+ Ke8 64. Qc6+ Kf7 65. Nf3 Qe8 66. Ne5+ Kf8 67. Qc7 Qe7 68. Nxg6+ hxg6 69. Qxe7+ Kxe7 70. h7 Nd2 71. h8Q Kf7 72. Qf6+ Kg8 73. Qxg6+ Kh8 74. Qe8+ Kh7 75. Qf7+ Kh8 76. g6 Nf3+ 77. Kh5 Ng5 78. Qf8# 1-0

[Event "Mem Jose Luis Gorostidi 25th"]
[Site "Navarra"]
[Date "2015.03.21"]
[Round "1"]
[White "Iturrizaga Bonelli, Eduardo"]
[Black "Ortin Blanco, Ainhoa"]
[Result "1-0"]
[WhiteElo "2630"]
[BlackElo "1788"]
[PlyCount "79"]
[EventDate "2015.03.21"]
[EventType "swiss (blitz)"]
[EventRounds "9"]
[EventCountry "ESP"]
[SourceTitle "EXT 2024"]
[Source "ChessBase"]
[SourceDate "2023.10.10"]
[SourceVersion "1"]
[SourceVersionDate "2023.10.10"]
[SourceQuality "1"]

1. Nf3 d5 2. c4 Nf6 3. cxd5 Nxd5 4. e4 Nb6 5. d4 e6 6. Nc3 Nc6 7. Be3 Bd6 8. Bb5 0-0 9. 0-0 Ne7 10. e5 Bb4 11. Bg5 c6 12. Bd3 Qc7 13. Ne4 h6 14. Bxh6 gxh6 15. a3 Ba5 16. b4 Bxb4 17. axb4 Nbd5 18. Qd2 Kg7 19. Nf6 Rh8 20. Nh5+ Kf8 21. Be4 Ng6 22. b5 Qe7 23. bxc6 bxc6 24. Rfc1 Bd7 25. Rc5 Be8 26. g3 Qb7 27. Rb1 Qd7 28. Qa5 Nge7 29. Qa3 f5 30. exf6 Bxh5 31. Bxd5 Kg8 32. Ne5 Qd6 33. Rc3 Qxd5 34. fxe7 Rh7 35. Nxc6 Rf7 36. Rb8+ Rxb8 37. Nxb8 Rxe7 38. Qxe7 Qf5 39. Rc8+ Qf8 40. Rxf8# 1-0

[Event "Navarra-ch"]
[Site "Pamplona"]
[Date "2014.04.12"]
[Round "3"]
[White "Sevilla Subiza, Javier"]
[Black "Ortin Blanco, Ainhoa"]
[Result "0-1"]
[WhiteElo "1966"]
[BlackElo "1723"]
[PlyCount "166"]
[EventDate "2014.03.29"]
[EventType "swiss"]
[EventRounds "8"]
[EventCountry "ESP"]
[SourceTitle "EXT 2016"]
[Source "ChessBase"]
[SourceDate "2015.10.08"]
[SourceVersion "1"]
[SourceVersionDate "2015.10.08"]
[SourceQuality "1"]

1. d4 g6 2. e4 Bg7 3. Nc3 e6 4. Be3 Nc6 5. f3 Nge7 6. h4 h6 7. Nge2 d5 8. Qd2 a6 9. 0-0-0 b5 10. exd5 exd5 11. g4 Rb8 12. h5 g5 13. f4 f6 14. fxg5 fxg5 15. Ng3 0-0 16. Be2 Qd6 17. Rhg1 Bd7 18. Kb1 Na7 19. Rdf1 b4 20. Rxf8+ Rxf8 21. Nd1 Nb5 22. c4 dxc4 23. Bxc4+ Kh8 24. Ne4 Qc6 25. Nc5 a5 26. d5 Qd6 27. Nf2 Nc8 28. Re1 Nb6 29. Bf1 Re8 30. Nfe4 Qxd5 31. Nxd7 Qxe4+ 32. Bd3 Qd5 33. Nxb6 cxb6 34. Rd1 Qc6 35. Bg6 Rf8 36. Bc2 Qf6 37. Bd3 Nc7 38. Rf1 Qd6 39. Rxf8+ Bxf8 40. Qe2 Bg7 41. Bc1 Qe6 42. Qc2 Qd6 43. Qe2 Qe5 44. Qf2 Qf6 45. Bf5 Qd4 46. Qc2 Qc5 47. Qe4 Qe5 48. Qc6 b5 49. Qg6 Kg8 50. Qb6 a4 51. Qb8+ Bf8 52. Bd2 Qc5 53. a3 b3 54. Ka1 Nd5 55. Qb7 Ne7 56. Be6+ Kh8 57. Bc3+ Bg7 58. Bxg7+ Kxg7 59. Bf5 Kf8 60. Qb8+ Kg7 61. Qb7 Kf8 62. Bb1 Nd5 63. Qb8+ Kg7 64. Qe5+ Kf8 65. Qf5+ Ke7 66. Qh7+ Kd8 67. Qxh6 Ne3 68. Qh8+ Ke7 69. Qg7+ Kd8 70. Qf6+ Ke8 71. Bg6+ Kd7 72. Qc3 Nc4 73. Qe1 Ne3 74. Qd2+ Ke6 75. Kb1 Nd5 76. Qe1+ Kf6 77. Bf5 Ne3 78. Qf2 Qd4 79. Bg6+ Ke7 80. Qf7+ Kd6 81. Qf8+ Kc7 82. Qf3 Qd2 83. Qh1 Nd1 0-1

[Event "Zaragoza Otono op 1st"]
[Site "Zaragoza"]
[Date "2013.11.10"]
[Round "5"]
[White "Ruperez Benito, Paula"]
[Black "Ortin Blanco, Ainhoa"]
[Result "0-1"]
[WhiteElo "1291"]
[BlackElo "1692"]
[PlyCount "134"]
[EventDate "2013.10.27"]
[EventType "swiss"]
[EventRounds "6"]
[EventCountry "ESP"]
[SourceTitle "EXT 2015"]
[Source "ChessBase"]
[SourceDate "2014.11.20"]
[SourceVersion "1"]
[SourceVersionDate "2014.11.20"]
[SourceQuality "1"]

1. e4 c5 2. Nf3 Nc6 3. d4 cxd4 4. Nxd4 g6 5. Be3 Bg7 6. Nc3 Nf6 7. Bc4 Qa5 8. 0-0 0-0 9. Qd2 Qb4 10. Bb3 Nxe4 11. Nxe4 Qxd2 12. Nxd2 Nxd4 13. Bxd4 Bxd4 14. Rab1 b6 15. Nf3 Bg7 16. Bd5 Rb8 17. Rfe1 e6 18. Bb3 Bb7 19. Ne5 Rfd8 20. Ba4 d5 21. Bc6 Bxe5 22. Bxb7 Bxh2+ 23. Kxh2 Rxb7 24. c3 Rbd7 25. Re2 d4 26. cxd4 Rxd4 27. Rc1 Ra4 28. b3 Rad4 29. Rc7 R8d7 30. Rc1 Kg7 31. Rec2 Rd2 32. Rc7 Rxc7 33. Rxc7 Rxa2 34. Kg3 Kf6 35. Kf4 Rxf2+ 36. Kg3 Rb2 37. Rc3 h6 38. Rf3+ Ke7 39. Rc3 f5 40. Rc7+ Kf6 41. Rc3 Re2 42. Kf3 Re4 43. Rc7 a5 44. Rb7 Rb4 45. Rc7 Rxb3+ 46. Kf2 Ke5 47. Rc2 Kd4 48. Ke2 Re3+ 49. Kf2 b5 50. Rd2+ Rd3 51. Rc2 a4 52. Rb2 Kc4 53. Rc2+ Rc3 54. Rb2 a3 55. Ra2 Kb3 56. Ra1 a2 57. Rg1 Kb2 58. g3 Rc1 59. Rxc1 Kxc1 60. Ke2 a1Q 61. Kd3 Qa3+ 62. Kd4 Qxg3 63. Kc5 Qd3 64. Kb6 b4 65. Ka5 b3 66. Kb4 b2 67. Ka4 b1Q 0-1

[Event "Zaragoza Otono op 1st"]
[Site "Zaragoza"]
[Date "2013.10.27"]
[Round "1"]
[White "Mimbela Lopez, Luis"]
[Black "Ortin Blanco, Ainhoa"]
[Result "1/2-1/2"]
[WhiteElo "2083"]
[BlackElo "1692"]
[PlyCount "97"]
[EventDate "2013.10.27"]
[EventType "swiss"]
[EventRounds "6"]
[EventCountry "ESP"]
[SourceTitle "EXT 2015"]
[Source "ChessBase"]
[SourceDate "2014.11.20"]
[SourceVersion "1"]
[SourceVersionDate "2014.11.20"]
[SourceQuality "1"]

1. d4 Nf6 2. Nf3 d5 3. e3 e6 4. Bd3 Bd6 5. 0-0 c5 6. b3 0-0 7. Bb2 Nbd7 8. Ne5 Qc7 9. f4 a6 10. c4 Rb8 11. a4 Ne4 12. Nd2 Nxd2 13. Qxd2 f6 14. Nxd7 Bxd7 15. Rac1 cxd4 16. cxd5 Qd8 17. Bxd4 exd5 18. Qc2 h6 19. Qe2 Qe8 20. Qf3 Be6 21. Rc2 Qd7 22. Qh5 Qe8 23. Qh4 Qd7 24. Qg3 Bf5 25. Bxf5 Qxf5 26. Qf2 Rbc8 27. Rfc1 Ba3 28. Rxc8 Rxc8 29. Rxc8+ Qxc8 30. Qd2 Qc1+ 31. Qxc1 Bxc1 32. Kf2 Ba3 33. Kf3 Kf7 34. f5 Bd6 35. h3 Ke7 36. e4 dxe4+ 37. Kxe4 Kd7 38. Kd5 Bb4 39. g4 Bd6 40. Bc5 Bxc5 41. Kxc5 Kc7 42. a5 Kd7 43. Kb6 Kc8 44. b4 Kb8 45. h4 Kc8 46. b5 axb5 47. Kxb5 Kd7 48. Kc5 Kc7 49. h5 1/2-1/2